LEADER 01082nam0 22002771i 450 001 SUN0016781 005 20140625025023.238 010 $a15-603-2090-7 100 $a20040527d1995 |0engc50 ba 101 $aeng 102 $aGB 105 $a|||| ||||| 200 1 $aFundamentals of aquatic toxicology$eeffects, environmental fate, and risk assessment$fedited by Gary M. Rand 205 $a2. ed 210 $aWashington$cTaylor & Francis$d1995 215 $aXVII, 1125 p.$cill.$d26 cm. 620 $dWashington$3SUNL000038 676 $a577.6$cEcologia acquatica$v22 702 1$aRand$b, Gary M.$3SUNV012616 712 $aTaylor & Francis$3SUNV000295$4650 790 1$aRand, G. M.$zRand, Gary M.$3SUNV102327 801 $aIT$bSOL$c20200622$gRICA 912 $aSUN0016781 950 $aUFFICIO DI BIBLIOTECA DEL DIPARTIMENTO DI SCIENZE E TECNOLOGIE AMBIENTALI BIOLOGICHE E FARMACEUTICHE$d17CONS Ob45 $e17FMF4259 20040527 $sBuono 996 $aFundamentals of aquatic toxicology$91429630 997 $aUNICAMPANIA LEADER 00976nam0-22003131i-450 001 990002685670403321 005 20230612145356.0 035 $a000268567 035 $aFED01000268567 035 $a(Aleph)000268567FED01 035 $a000268567 100 $a20000920d1961----km-y0itay50------ba 101 0 $aita 102 $aIT 200 1 $a<>contabilita in partita doppia ed il bilancio di esercizio, nelle aziende di produzione$econtabilità a sistema unico ...$fTeodoro D'Ippolito 205 $a5. e?d 210 $aPalermo$cAbbaco$d1961 215 $aXXVII, 414 p.$c12 c. di tav.$d24 cm 610 0 $aBilancio 676 $a657 700 1$aD'Ippolito,$bTeodoro$0340783 801 0$aIT$bUNINA$gRICA$2UNIMARC 901 $aBK 912 $a990002685670403321 952 $a1-2-16-RA$b36132$fECA 959 $aECA 996 $aContabilita in partita doppia ed il bilancio di esercizio, nelle aziende di produzione$93374796 997 $aUNINA DB $aING01